000 00924nam0a22003131 4500
001 2562561
005 20251118181731.8
021 _aRU
_b79-89150
035 _a(NLR Aleph) 006447535
090 _a5704328
_c5704328
100 _a20110316d1979 u y0rusy50 ca
101 1 _arus
_aeng
_crus
102 _aRU
105 _ay z |||||
200 1 _aNations and internationalism
_fV.S. Semyonov
_gTransl. from the Russian by Lenina Ilyitskaya
210 _aMoscow
_cProgres
_d1979
215 _a303 с.
_d21
320 _aУказ.: с. 302-303
320 _aБиблиогр.: с. 291-301
686 _aА841.2,0
_2rubbk
686 _aА831.22,0
_2rubbk
700 1 _aСеменов
_bВ.С.
_gВадим Сергеевич
702 1 _aIlyitskaya
_bL.
_gLenina
_4730
801 0 _aRU
_bNLR
_gpsbo
801 1 _aRU
_bELAR
_2rusmarc
852 _aNLR
_jDesideratum
899 _aRuMoRGB
_jM 79-15/653
942 _cBOOK
980 _aNB